00413nam a2200145Ia 4500008004100000020001600041041001200057082001600069100002000085245008200105260004000187300000800227650001600235700001600251221030s9999 xx 000 0 und d a81780878998 aEnglish a105.23bTan aA. S. Tanenbaum 0aDistributed Systems : Principles & Paradigmscby A. S. Tanenbaum, M. V. Steen bPearson EducationaNew Delhic2004 a803 aBE Computer aM. V. Steen